000 00317nam a22001337a 4500
008 170825b xxu||||| |||| 00| 0 eng d
020 _a9780871871534
041 _aeng
080 _25 ED
_a070
100 _a39
101 _aMED
245 _aMASS MEDIA AND AMERICAN POLITICS
_cGRABER,D,A
942 _2udc
_cBK
999 _c25059
_d25059